Responses for Show #6665 - Friday, August 2, 2013

2013 Kids Week game 5.
Last game of Season 29.

Contestants

[<< previous game]

Xan Vessels, a 12-year-old seventh grader from Mechanicsville, Virginia

Holly Boivin, a 12-year-old seventh grader from Nashua, New Hampshire

Patrick Aimone, a 12-year-old seventh grader from Long Beach, California

[next game >>]

Jeopardy! Round responses

AFTER-SCHOOL ACTIVITIES
THE ELEMENTS
MOVIES
"G" WHIZ
NURSERY RHYME THINGS
IF ONLY I COULD TELL THEM
    $200 3
karate

Patrick
    $200 1
mercury

Patrick
    $200 11
Rio

Patrick
    $200 21
Genesis

Patrick
    $200 16
their mittens

Xan
    $200 26
a crash

Holly
    $400 4
a potter's wheel

Patrick
    $400 2
helium

Holly
    $400 12
Puss In Boots

Holly
    $400 22
gumdrops

Holly
    $400 17
pickled peppers

Holly
    $400 27
a dodo

Patrick
    $600 8
calligraphy

Patrick
    $600 5
(Holly: What is nickel?)

copper

Holly
Triple Stumper
    $600 13
(Alex: Yeah, we'll accept that, [*], Band Of Misfits.)

(The) Pirates

Patrick
    $600 23
gossip

Holly
    $600 18
a tuffet

Xan
    $600 28
Julius Caesar

Holly
    $800 9
treble clef

Patrick
    $800 6
nitrogen

Patrick
    $800 14
Selena Gomez

Triple Stumper
    $800 24
gladiators

Xan
    $800 19
(Alex: [*], stole [*] and away he run.)

a pig

Holly
    $800 29
Berlin

Holly
    $1000 10
gymnastics

Patrick
    $1000 7
iron

Patrick
    $1000 15
Frankenweenie

Patrick
    $1000 25
a glossary

Patrick
    $1000 20
(Alex: Simple Simon met a [*]man going to the fair.)

pie

Triple Stumper
    $1000 30
the French Revolution

Patrick

Scores at the first commercial break (after clue 12):

Patrick Holly Xan
$5,200 $200 $0

Scores at the end of the Jeopardy! Round:

Patrick Holly Xan
$9,400 $4,000 $1,600

Double Jeopardy! Round responses

AROUND THE BODY
8-LETTER WORDS
THE ORCHESTRA
GROWNUPS ON TV
TRANSPORTATION
WHO WROTE THAT BOOK?
    $400 22
taste buds

Holly
    $400 1
a freshman

Holly
    $400 16
a baton

Patrick
    $400 27
Sesame Street

Xan
    $400 11
an ambulance

Holly
    $400 6
(Patrick: Who is E.B. White?)

A.A. Milne

Patrick
Triple Stumper
    $800 21
intestine

Holly
    $800 2
overtime

Holly
    $800 17
a xylophone

Patrick
    $800 26
the news

Holly
    $800 12
a gondola

Holly
    $800 7
Eric Carle

Holly
    $1200 23
chapping

Patrick
    $1200 3
quantity

Holly
    $1200 18
a drum

Patrick
    $1200 28
Ellen (DeGeneres)

Holly
    $1,500 13
a helicopter

Holly
    $1200 8
Jack Gantos

Triple Stumper
    $1600 24
(Alex: Correct, with a minute to go.)

vocal cords

Patrick
    $1600 4
(Patrick: What is boldness?)

boldface

Patrick
Triple Stumper
    $2,000 19
brass

Patrick
    $1600 29
Randy Jackson

Xan
    $1600 14
Amtrak

Triple Stumper
    $1600 9
(Patrick: Who is...)

Jack London

PatrickHolly
    $2000 25
an arch

Xan
    $2000 5
wrangler

Triple Stumper
    $2000 20
(Patrick: What is the intro?)
(Alex: Give me a little more than that. I need you to be more specific.)
(Patrick: What is the instrumental?)
(Alex: No.)

the overture

Patrick
Triple Stumper
    $2000 30
Glee

Holly
    $2000 15
(Holly: What is Motocross?)
(Alex: I need a little more information from you.)
(Holly: What is Dirt Bike Motocross?)
(Alex: You know what? I think since we had "bicycle" in the clue, and she said "motocross", and we're going for "Bicycle Motocross", or "BMX", we're giving you a correct response.)

BMX (Motocross accepted)

Holly
    $2000 10
(Holly: Who is Mary Shelley?)
...
(Alex: Who is [*]? Mary Shelley was Frankenstein.)

Bram Stoker

Holly
Triple Stumper

Scores at the end of the Double Jeopardy! Round:

Patrick Holly Xan
$11,000 $16,700 $5,600

[wagering suggestions for these scores]

Final Jeopardy! Round responses

BODIES OF WATER
XanWhat is the Gulf of Mexico
$5,400
PatrickWhat is the Gulf of Mexico?
$7,000
HollyWhat is the Gulf of Mexico?
$4,000
the Gulf of Mexico

Final scores:

Patrick Holly Xan
$18,000 $20,700 $11,000
2nd place: $2,000 Winner: $20,700 3rd place: $1,000

Game dynamics:

Coryat scores:

Patrick Holly Xan
$10,600 $16,400 $5,600
21 R
(including 2 DDs),
4 W
23 R
(including 1 DD),
2 W
6 R,
0 W

Combined Coryat: $32,600

[game clues] [game scores] [suggest correction]

Game tape date: 2013-02-04
The J! Archive is created by fans, for fans. Scraping, republication, monetization, and malicious use prohibited; this site may use cookies and collect identifying information. See terms. The Jeopardy! game show and all elements thereof, including but not limited to copyright and trademark thereto, are the property of Jeopardy Productions, Inc. and are protected under law. This website is not affiliated with, sponsored by, or operated by Jeopardy Productions, Inc. Join the discussion at JBoard.tv.